Sports Quiz

Random Sports or Football Quiz

England's 1998 FIFA World Cup Squad Quiz Stats

 Plays Quiz not verified by Sporcle

Challenge
Share
Tweet
Embed
Score 0/23 Timer 08:00
2 Plays Today
Shirt No. Player Name % Correct
1David Seaman
97.7%
7David Beckham
96.7%
9Alan Shearer
95.2%
20Michael Owen
94.6%
12Gary Neville
92%
5Tony Adams
91.1%
16Paul Scholes
89%
2Sol Campbell
87.4%
10Teddy Sheringham
87.1%
4Paul Ince
83.7%
19Les Ferdinand
79.8%
21Rio Ferdinand
79.8%
Shirt No. Player Name % Correct
8David Batty
79.6%
Glenn Hoddle
78.8%
14Darren Anderton
75.6%
13Nigel Martyn
72.8%
3Graeme Le Saux
72.4%
18Martin Keown
70.9%
11Steve McManaman
69.9%
6Gareth Southgate
68.8%
22Tim Flowers
64.6%
15Paul Merson
49.9%
17Robert Lee
35.4%

You're not logged in!

Compare scores with friends on all Sporcle quizzes.
OR
Log In

You Might Also Like...

Show Comments

Extras

Top Quizzes Today


Score Distribution

Your Account Isn't Verified!

In order to create a playlist on Sporcle, you need to verify the email address you used during registration. Go to your Sporcle Settings to finish the process.

Report this User

Report this user for behavior that violates our Community Guidelines.

Details: